| 000 | 00487nam a22001697a 4500 | ||
|---|---|---|---|
| 005 | 20251108171046.0 | ||
| 008 | 250721s1997 xx 000 0 ara d | ||
| 082 | 1 | 4 | _a904/وبس |
| 100 | 1 | _aوبستر، هاري | |
| 245 | 1 | 0 | _aالكوراث العالمية / |
| 264 | 1 |
_aبيروت : _bمؤسسة الإنتشار، _c1997. |
|
| 300 | _a188ص | ||
| 490 | 0 | _aأخبار غربية و أسرار عجيبة ؛4 | |
| 650 | 1 | 7 | _aالكوراث |
| 942 |
_2ddc _cBK |
||
| 999 |
_c55539 _d55539 |
||